| 000 | 00772nam a2200241Ia 4500 | ||
|---|---|---|---|
| 003 | OSt | ||
| 005 | 20220927105100.0 | ||
| 006 | a|||||r|||| 00| 0 | ||
| 007 | ta | ||
| 008 | 220926b |||||||| |||| 00| 0 eng d | ||
| 024 | _a155049 | ||
| 037 | _cReference Collections | ||
| 040 |
_aRTL _cRTL _beng |
||
| 041 |
_2eng _aeng |
||
| 082 | _a"X : 9 .42r .N71t4, L1.46(10)" | ||
| 110 |
_a"JAPAN , STATISTICS (Bureau of--)" _9370060 |
||
| 245 | 0 | _aMonthly report on the labor force survey . | |
| 260 |
_aJapan _bBureau of statistics _c1971 |
||
| 300 |
_avarious pages _ccm. |
||
| 700 |
_a"JAPAN , STATISTICS (Bureau of--)" _9370061 |
||
| 942 |
_h"X : 9 .42r .N71t4, L1.46(10)" _cCC |
||
| 999 |
_c690583 _d690583 |
||